„Argumentujú odhodlaním a vierou v seba, no aj tak sú mizerní lídri"
Rozhovor s Gordonom Curphym, ktorý patrí medzi špičkových svetových expertov v oblasti leadershipu a budovania vysoko výkonných tímov. Jeho „Raketový model" je implentnovaný v najznamejších firmách sveta. Vysvetlil rozdiel medzi úspešným a efektívnym lídrom a nutnosť zdravej miery sebadôvery v kombi...
Enregistré dans:
| Auteur principal: | |
|---|---|
| Autres auteurs: | |
| Format: | Chapitre de livre |
| Langue: | slovaque |
| Sujets: | |
| Tags: |
Pas de tags, Soyez le premier à ajouter un tag!
|
MARC
| LEADER | 00000naa a2200000 4500 | ||
|---|---|---|---|
| 001 | 0234633 | ||
| 005 | 20221104113156.1 | ||
| 041 | 0 | |a slo | |
| 044 | |a SK | ||
| 245 | 1 | 0 | |a „Argumentujú odhodlaním a vierou v seba, no aj tak sú mizerní lídri" |c Václav Bobáň, Gordon Curphy |
| 520 | |a Rozhovor s Gordonom Curphym, ktorý patrí medzi špičkových svetových expertov v oblasti leadershipu a budovania vysoko výkonných tímov. Jeho „Raketový model" je implentnovaný v najznamejších firmách sveta. Vysvetlil rozdiel medzi úspešným a efektívnym lídrom a nutnosť zdravej miery sebadôvery v kombinácii so zdravým egom. | ||
| 610 | 2 | 0 | |a lídri |
| 610 | 2 | 0 | |a vedenie ľudí |
| 610 | 2 | 0 | |a rozvoj pracovníkov |
| 610 | 2 | 0 | |a tímy pracovné |
| 610 | 2 | 0 | |a vodcovstvo |
| 100 | 1 | |a Bobáň, Václav | |
| 700 | 1 | |a Curphy, Gordon | |